Czechia or Slovakia? - Statistics

General Stats
  • This quiz has been taken 1,205 times
  • The average score is 13 of 15
Answer Stats
Question Answer % Correct
Is in the European Union. Both
98%
Is the larger of the two. Czechia
98%
Became independent in 1993. Both
96%
Its capital is closer to Vienna. Slovakia
96%
Is landlocked. Both
95%
Has a higher GDP per capita. Czechia
94%
Uses the euro as its currency. Slovakia
93%
Its biggest minority ethnic group is Hungarian. Slovakia
93%
Its president is Miloš Zeman. Czechia
92%
Borders Poland. Both
89%
Has a higher population density. Czechia
88%
According to the Global Peace Index, is the 7th most peaceful country in the world. Czechia
85%
Is mostly Catholic. Slovakia
80%
Used to be part of Hungary. Slovakia
70%
Is the world's largest per-capita car producer. Slovakia
46%
No matching quizzes found
Score Distribution
Percent of People with Each Score
Percentile by Number Answered
Your Score History
You have not taken this quiz